=LDR 00000nam 2200000 4500 =001 INLIS000000000022442 =005 20130612121211 =008 ***********************************Ind** =035 ##$$0010-061300000022442 =041 ##$$a Ind =082 ##$$a 746.409 =090 ##$$a 746.409, The t =100 ##$$a Therk Jes A =245 ##$$a Tenun ikat dari timur, Jes A. Therik =260 ##$$a 1989 $b Jakarta =300 ##$$a 107 hlm, ilus, 28 cm =650 ##$$a Kerajinan =850 ##$$a NBPNMAT =990 ##$$a 4404044040